Pozície a aktivity medzinárodných organizácií pri riešení globálneho problému chudoby diplomová práca

Guardado en:
Detalles Bibliográficos
Autor principal: Bartková, Veronika
Autor Corporativo: Fakulta medzinárodných vzťahov EU. Katedra medzinárodných ekonomických vzťahov a hospodárskej diplomacie
Otros Autores: Lysák, Ladislav
Formato: Libro
Lenguaje:eslovaco
Publicado: Bratislava 2008
Etiquetas: Agregar Etiqueta
Sin Etiquetas, Sea el primero en etiquetar este registro!

MARC

LEADER 00000nam$a2200000$$$4500
001 0075892
005 20240201120059.3
041 0 |a slo 
044 |a SK 
245 1 0 |a Pozície a aktivity medzinárodných organizácií pri riešení globálneho problému chudoby  |b diplomová práca  |c Veronika Bartková ; škol. Ladislav Lysák 
264 1 |a Bratislava  |c 2008 
300 |a 84 s. 
100 1 |a Bartková, Veronika 
700 1 |a Lysák, Ladislav 
710 2 |a Fakulta medzinárodných vzťahov EU. Katedra medzinárodných ekonomických vzťahov a hospodárskej diplomacie